ბათუმის შოთა რუსთაველის სახელმწიფო უნივერსიტეტის ბიბლიოთეკა

Langman's Medical Embryology / (ბიბ.ჩანაწერი № 62211)

000 -LEADER
fixed length control field 00602nam a22001937a 4500
005 - DATE AND TIME OF LATEST TRANSACTION
control field 20240801193342.0
008 - FIXED-LENGTH DATA ELEMENTS--GENERAL INFORMATION
fixed length control field 240801s2016 en ||||| |||| 00| 0 eng d
020 ## - INTERNATIONAL STANDARD BOOK NUMBER
International Standard Book Number ‎ 9789351296249 X
041 ## - LANGUAGE CODE
Language code of text/sound track or separate title eng
080 ## - UNIVERSAL DECIMAL CLASSIFICATION NUMBER
Universal Decimal Classification number 611.013S-12
100 ## - MAIN ENTRY--PERSONAL NAME
Personal name Sadler, T.W.
Dates associated with a name (Author)
9 (RLIN) 23046
245 ## - TITLE STATEMENT
Title Langman's Medical Embryology /
Statement of responsibility, etc. T.W. Sadler
250 ## - EDITION STATEMENT
Edition statement 13th edition
264 ## - PRODUCTION, PUBLICATION, DISTRIBUTION, MANUFACTURE, AND COPYRIGHT NOTICE
Place of production, publication, distribution, manufacture New Delhi :
Name of producer, publisher, distributor, manufacturer Wolters Kluwer,
Date of production, publication, distribution, manufacture, or copyright notice 2015.
300 ## - PHYSICAL DESCRIPTION
Extent 407 p.:
Other physical details ill;
Dimensions 23 cm.
653 ## - INDEX TERM--UNCONTROLLED
keyword Langman's Medical Embryology
653 ## - INDEX TERM--UNCONTROLLED
keyword სამედიცინო ემბრიოლოგია
942 ## - ADDED ENTRY ELEMENTS (KOHA)
Source of classification or shelving scheme
Koha item type წიგნი
ეგზემპლარები
Withdrawn status Lost status Source of classification or shelving scheme Damaged status Not for loan Permanent Location Current Location Shelving location Date acquired Cost, normal purchase price Full call number Barcode Date last seen Copy number Uniform Resource Identifier Price effective from Koha item type Public note
          ბათუმის შოთა რუსთაველის სახელმწიფო უნივერსიტეტის მთავარი ბიბლიოთეკა ბათუმის შოთა რუსთაველის სახელმწიფო უნივერსიტეტის მთავარი ბიბლიოთეკა წიგნსაცავი 2024-08-01 15.00 611.013S-12 66102 2024-08-01 66102 ნაჩუქარი 2024-08-01 წიგნი 15.00